000 01620nas a2200397 a 4500
001 8580
003 BD-RjUL
005 20211208234621.0
008 140119s1955 enkar p 0 1 a0eng d
035 _a(BD-RjUL)8625
040 _aUCU
_cUCU
_dPIT
_dMUL
_dm.c.
_dPIT
_dMUL
_dIUL
_dDLC
_dOCL
_dNST
_dm/c
_dNST
_dBD-RjUL
_beng
041 _aeng
082 _218
_a384.540941
_bBRB 1955
090 _aTK6540
_b.B82
110 2 _aBritish Broadcasting Corporation.
_926745
245 1 0 _aBBC handbook /
_cBritish Broadcasting Corporation.
246 3 _aB.B.C. handbook
260 _aLondon :
_bBritish Broadcasting Corporation,
_c1955.
300 _a224 p. ;
_c19 cm
504 _aIncludes index.
580 _aVols. for 1974-1980 incorporate the Annual report and accounts.
580 _aAnnual report and accounts for 1944/45-1971/72 were issued as Command Papers.
610 2 0 _aBritish Broadcasting Corporation
_926746
650 0 _aBroadcasting
_zGreat Britain
_vPeriodicals.
_926740
650 0 _aRadio
_zGreat Britain
_vPeriodicals.
_926741
710 2 2 _aBritish Broadcasting Corporation.
_tAnnual report and accounts.
_926742
780 0 0 _aBritish Broadcasting Corporation.
_tBBC year book
_w(OCoLC)5041279
_w(UkOxU)010318909
780 1 5 _aBritish Broadcasting Corporation.
_tAnnual report and accounts for the year ...
_w(UkOxU)013424856
785 0 0 _aBritish Broadcasting Corporation.
_tBBC annual report and handbook
_w(DLC) 83643685
_w(OCoLC)7095313
_g1981
_w(UkOxU)010318889
942 _2ddc
_cBK
999 _c8580
_d8580